[Event "St Jean CC op 0304"]
[Site "St Jean sur Richelieu"]
[Date "2004.01.03"]
[Round "2"]
[White "Boucher, Bruno"]
[Black "Kowalyszyn, Miguel"]
[Result "0-1"]
[WhiteElo "1479"]
[BlackElo "1635"]
[PlyCount "88"]
[EventDate "2003.11.??"]
[EventType "swiss"]
[EventRounds "6"]
[EventCountry "CAN"]
[SourceTitle "EXT 2005"]
[Source "ChessBase"]
[SourceDate "2004.11.15"]
[SourceVersion "1"]
[SourceVersionDate "2004.11.15"]
[SourceQuality "1"]

1. d4 Nf6 2. c4 e6 3. Nc3 Bb4 4. Nf3 Ne4 5. Qc2 d5 6. e3 0-0 7. Bd3 f5 8. 0-0 c5 9. a3 Bxc3 10. bxc3 Nd7 11. cxd5 exd5 12. c4 Ndf6 13. cxd5 Kh8 14. dxc5 Qxd5 15. Bxe4 fxe4 16. Nd4 Qg5 17. f3 exf3 18. Rxf3 Bg4 19. Rf4 Nd5 20. Rxf8+ Rxf8 21. e4 Qf6 22. Bb2 Ne3 23. Nf5 Nxc2 24. Bxf6 Nxa1 25. Bxa1 Bxf5 26. exf5 Rxf5 27. Bc3 Rxc5 28. Bb4 Rf5 29. g3 Kg8 30. Kg2 Kf7 31. g4 Rf4 32. Kg3 Rf1 33. Kg2 Rf6 34. Bc3 Rc6 35. Bb4 Ke6 36. Kf3 Kd5 37. h4 Rf6+ 38. Kg3 Ke4 39. g5 Rf1 40. Kg2 Rd1 41. Bc3 g6 42. Bb4 Kf4 43. Kh3 Rd3+ 44. Kg2 Kg4 0-1

[Event "St Jean CC-ch"]
[Site "St Jean sur Richelieu"]
[Date "2002.03.20"]
[Round "6"]
[White "Boucher, Bruno"]
[Black "Kowalyszyn, Miguel"]
[Result "0-1"]
[WhiteElo "1554"]
[BlackElo "1598"]
[PlyCount "62"]
[EventDate "2002.02.20"]
[EventType "swiss"]
[EventRounds "6"]
[EventCountry "CAN"]
[SourceTitle "EXT 2022"]
[Source "ChessBase"]
[SourceDate "2021.10.06"]
[SourceVersion "1"]
[SourceVersionDate "2021.10.06"]
[SourceQuality "1"]

1. Nf3 d5 2. g3 Nf6 3. Bg2 Bg4 4. d4 Nbd7 5. c3 e6 6. Nbd2 Bd6 7. 0-0 0-0 8. Re1 c5 9. e4 dxe4 10. Nxe4 Nxe4 11. Rxe4 Nf6 12. Re1 Qb6 13. dxc5 Bxc5 14. Qe2 Rad8 15. Bg5 e5 16. h3 Bf5 17. Be3 Bd3 18. Bxc5 Qxc5 19. Qxe5 Qb6 20. b3 Rfe8 21. Qf4 Ne4 22. Nd4 Nxc3 23. Rxe8+ Rxe8 24. Bf3 g6 25. a4 Rd8 26. Rc1 Rxd4 27. Qd2 Ne4 28. Bxe4 Bxe4 29. Rc8+ Kg7 30. Qc3 Qf6 31. Qe1 Qf3 0-1

[Event "St Jean CC-ch"]
[Site "St Jean sur Richelieu"]
[Date "2002.03.20"]
[Round "5"]
[White "Kowalyszyn, Miguel"]
[Black "Barre, Michel"]
[Result "0-1"]
[WhiteElo "1598"]
[BlackElo "1969"]
[PlyCount "56"]
[EventDate "2002.02.20"]
[EventType "swiss"]
[EventRounds "6"]
[EventCountry "CAN"]
[SourceTitle "EXT 2022"]
[Source "ChessBase"]
[SourceDate "2021.10.06"]
[SourceVersion "1"]
[SourceVersionDate "2021.10.06"]
[SourceQuality "1"]

1. d4 d6 2. Nf3 Nf6 3. c4 Nbd7 4. Nc3 e5 5. Qc2 c6 6. Bg5 Be7 7. e3 h6 8. Bh4 a5 9. Bd3 0-0 10. 0-0 Nh5 11. Bxe7 Qxe7 12. Ne2 Nhf6 13. Ng3 g6 14. Rfe1 Re8 15. Ne4 Nxe4 16. Bxe4 f5 17. Bxf5 gxf5 18. Qxf5 Nf6 19. Qc2 e4 20. Nd2 Qg7 21. f3 Bf5 22. fxe4 Nxe4 23. Nxe4 Bxe4 24. Qd2 d5 25. Rf1 Re6 26. Rf4 Rg6 27. g3 Re8 28. Raf1 Rxg3+ 0-1